Delignifikácia buničiny s použitím zelených rozpúšťadiel
Salvato in:
| Autore principale: | |
|---|---|
| Altri autori: | |
| Natura: | Manoscritto Libro |
| Lingua: | slovacco |
| Pubblicazione: |
2020
|
| Soggetti: | |
| Accesso online: | http://is.stuba.sk/zp/portal_zp.pl?podrobnosti=153250 |
| Tags: |
Nessun Tag, puoi essere il primo ad aggiungerne!!
|
MARC
| LEADER | 00000ntm a22000003a 4500 | ||
|---|---|---|---|
| 001 | stuzp77768 | ||
| 003 | SK-STU | ||
| 005 | 20200627210310.2 | ||
| 007 | ta | ||
| 008 | 150427s2015----xo-----f-mn---000-0-slo-d | ||
| 040 | |a STU |b slo | ||
| 041 | 0 | |a slo | |
| 100 | 1 | |a Orolínová, Mária |u 049380 |4 aut |U FCHPT Ústav prírodných a syntetických polymérov |T FCHPT Oddelenie dreva, celulózy a papiera |X 99599 |U C9380 |Y 129 |7 99599 | |
| 242 | 0 | 1 | |a Delignification of pulp using green solvents |y eng |
| 245 | 1 | 0 | |a Delignifikácia buničiny s použitím zelených rozpúšťadiel |
| 260 | |c 2020 | ||
| 650 | 4 | |a hlboko eutektické rozpúšťadlá |2 slo | |
| 650 | 4 | |a delignifikácia |2 slo | |
| 650 | 4 | |a buničina |2 slo | |
| 650 | 4 | |a účinnosť delignifikácie |2 slo | |
| 650 | 4 | |a kappa číslo |2 slo | |
| 650 | 4 | |a pulp |2 eng | |
| 650 | 4 | |a the efficiency of delignification |2 eng | |
| 650 | 4 | |a kappa number |2 eng | |
| 650 | 4 | |a delignification |2 eng | |
| 650 | 4 | |a deep eutectic solvents |2 eng | |
| 700 | 1 | |a Jablonský, Michal |u 049380 |k Z1 |4 ths |U FCHPT Ústav prírodných a syntetických polymérov |T FCHPT Oddelenie dreva, celulózy a papiera |X 4025 |U C9380 |Y 129 |7 A000004025 | |
| 856 | 4 | |u http://is.stuba.sk/zp/portal_zp.pl?podrobnosti=153250 | |